99 selawat Nabi s.a.w. : fadhilat & khasiatnya

Bibliographic Details
Main Author: Hanafi Mohamed
Format: Book
Published: Kuala Lumpur : Darul Nu'Man , 1994
Subjects:

MARC

LEADER 00000cam a2200000 7i4500
001 0000008882
002 000009681
005 20000330.0
020 |a 9839017993 
090 0 0 |a 297.63   |b HAN 
100 0 |a Hanafi Mohamed   |f Drs 
245 1 0 |a 99 selawat Nabi s.a.w. :   |b fadhilat & khasiatnya   |c Drs. Hanafi Mohamed 
260 |a Kuala Lumpur :   |b Darul Nu'Man ,   |c 1994 
300 |a 167p. ;   |c 19cm. 
650 0 0 |a Muhammad, Prophet, d. 632 
999 |a 044004   |b BUKU   |c PINJAMAN   |e PERPUSTAKAAN KOMUNITI PETALING JAYA 
999 |a 044005   |b BUKU   |c PINJAMAN   |e PERPUSTAKAAN KOMUNITI PETALING JAYA